| 000 | 00695nam a22001697a 4500 | ||
|---|---|---|---|
| 005 | 20260226150409.0 | ||
| 008 | 260226b |||||||| |||| 00| 0 eng d | ||
| 022 | _a978-178135317-2 | ||
| 050 | _aLB 1065 .B 44 2020 | ||
| 100 | _aBEERE, JACKIE | ||
| 245 | _aTHE COMPLETE LEARNER'S TOOLKIT: METACOGNITION AND MINDSET-EQUIPPING THE MODERN LEARNER WITH THE THINKING, SOCIAL AND SELF-REGULATION SKILLS TO SUCCEED AT SCHOOL AND LIFE | ||
| 260 |
_bINDEPENDENT THINKING PRESS, _c2020, _aBANCYFELIN, |
||
| 300 | _aVi, 185 P, ILL | ||
| 500 | _aINCLUDES BIBLIOGRAPHICAL REFERENCES AND INDEX | ||
| 650 | _aLearning ability-Study and teaching (Secondary), Motivation in education | ||
| 942 |
_2lcc _cBK |
||
| 999 |
_c216705 _d216705 |
||